000 00415nam a2200157 i 4500
001 29114
003 ES-MaACL
005 20230906153957.0
007 t|
008 030121s1973 fr ||||1| fre d
100 1 _aBarberis, Pierre.
_925430
245 1 0 _aLectures du réel /
_cPierre Barberis.
260 _aParís :
_bEd. Sociales,
_c[1973]
300 _a304 p. ;
_c18 cm.
852 _aES-MaACL
_jE-10082
_bR.94383
999 _c29114
_d29114